000 00444nam a22001697a 4500
003 NUST - PNEC
005 20170116180854.0
008 150827b xxu||||| |||| 00| 0 eng d
020 _a007100291x
040 _cLIBRARY
082 _a620.11 SMI
100 _95892
_aSmith William F
245 _aPrinciples of materials science and engineering
_cWilliam F Smith
260 _cc.1986
650 _95891
_aMaterials
_xME, IME
942 _2ddc
_cBK
999 _c64740
_d64740